00249pam a2200109 a 4500020000500000041000500005082001300010100002300023245006700046260001800113300000800131 c h a658.4052 aRUSH (Jon)eauthor aUndersanding and Negoting Business ContractshTextual Document bC.B.S Fc2003 a166